| 000 | 00667nam a22002057a 4500 | ||
|---|---|---|---|
| 003 | NUST | ||
| 005 | 20230225173450.0 | ||
| 008 | 190719b ||||| |||| 00| 0 eng d | ||
| 038 | _aMr. Noman | ||
| 082 | _a330 | ||
| 100 |
_aKhan, Huma Dad _918165 |
||
| 245 |
_aExamining complementarity / Substitutability between public and private sector investment in Pakistan _cHuma Dad Khan. |
||
| 260 |
_aIslamabad: _bS3H, _c2013. |
||
| 300 |
_a64 p. : ill. ; _c30cm. |
||
| 500 | _aHardcover. | ||
| 650 |
_aEconomics - MS Thesis. _917366 |
||
| 700 |
_aDr. Ashfaque Hasan Khan. _918166 |
||
| 856 | _uhttp://10.250.8.41:8080/xmlui/handle/123456789/30132 | ||
| 942 |
_2ddc _cTHE |
||
| 999 |
_c527075 _d527075 |
||